| 000 | 00945cam a2200301 a 4500 | ||
|---|---|---|---|
| 001 | 27073580 | ||
| 003 | OCoLC | ||
| 005 | 20230905210430.0 | ||
| 008 | 010619s1993 caua j 000 1 spa | ||
| 010 | _a 92033836 | ||
| 020 | _a1564921026 | ||
| 020 | _a 9781564921024, | ||
| 040 |
_aDLC _cDLC _dJRL |
||
| 041 | _aspa | ||
| 042 | _alcac | ||
| 050 | 0 | 0 |
_aPZ74.3 _b.K59 1993 |
| 100 | 1 |
_aKohen, Clarita, _d1943- |
|
| 245 | 1 | 3 |
_aEl rabo de gato / _cClarita Kohen ; ilustraciones de Jose Ramon Sanchez. |
| 260 |
_aTorrance, Calif. : _bLaredo Pub. Co., _cc1993. |
||
| 300 |
_a16 p. : _bcol. ill. ; _c26 cm. |
||
| 520 | _aDepicts, in rhyming text and illustrations, the activities of a mischievous cat playing with the tail of another cat. | ||
| 650 | 1 |
_aCats _xFiction. |
|
| 650 | 1 | _aStories in rhyme. | |
| 650 | 1 | _aSpanish language materials. | |
| 655 | 7 |
_aMateriales en espanol. _2bidex. |
|
| 700 | 1 |
_aRamon, Jose, _eill. |
|
| 942 | _cBK | ||
| 999 |
_c28299 _d28299 |
||